00330nam a2200133Ia 4500008004100000082001800041100002000059245002700079250000800106260003100114300001300145500002400158650001400182230524s9999 xx 000 0 und d a621.3821bKOU aA.Koutsoyiannis 0aModern Micro Economics a2ND aNEW DELHIbMacmillonc1979 aXVII;581 aQuantity Number: 5 aEconomics